00545 a2200157 4500003000500000005001700005020001300022040000900035082001200044100002200056245008700078260003200165300001000197505016600207650001400373Nust20221010133147.0 a78121670 cNust a540,DIL aDillard , Clyde R aChemistrybRections Structure and PropertiescClyde R Dillard and David E Goldberg aLondonbMacmillan Coc1971. a654:p aChemical Reactions (Page-3), Atomic And Molecular Structure (Page-195), Properties Of Matter In Bulk (Page-383), Representative Descriptive Chemistry (Page-499). aChemistry